[Event "AUT North-ch"]
[Site "Linz"]
[Date "2001.04.13"]
[Round "8"]
[White "Schneider, Martin"]
[Black "Stadler, Walter"]
[Result "1-0"]
[WhiteElo "2144"]
[BlackElo "2012"]
[PlyCount "81"]
[EventDate "2001.04.06"]
[EventType "swiss"]
[EventRounds "9"]
[EventCountry "AUT"]
[SourceTitle "EXT 2006"]
[Source "ChessBase"]
[SourceDate "2005.11.24"]
[SourceVersion "1"]
[SourceVersionDate "2005.11.24"]
[SourceQuality "1"]

1. e4 e5 2. Nf3 Nc6 3. d4 exd4 4. Nxd4 d6 5. Bc4 Nf6 6. Nc3 Be7 7. f3 Ne5 8. Bb3 c5 9. Nde2 Be6 10. Bf4 Nc4 11. Qd3 Nb6 12. Bxe6 fxe6 13. Qb5+ Qd7 14. 0-0-0 e5 15. Bg5 Qc6 16. Ng3 g6 17. Qxc6+ bxc6 18. Bxf6 Bxf6 19. Rxd6 Be7 20. Re6 Kd7 21. Rxe5 Kd6 22. f4 Bf6 23. Rd1+ Nd5 24. exd5 Bxe5 25. fxe5+ Kxe5 26. dxc6 Rac8 27. Rd5+ Kf4 28. Rxc5 Rhe8 29. b4 Ke3 30. Kb2 Re6 31. b5 Kd4 32. Nge4 Re5 33. Rxe5 Kxe5 34. Kb3 Kd4 35. Kb4 Rf8 36. a4 h6 37. a5 Rc8 38. a6 Rf8 39. Nc5 Rc8 40. Nd7 g5 41. g4 1-0

[Event "AUT North-ch"]
[Site "Linz"]
[Date "2001.04.12"]
[Round "7"]
[White "Stadler, Walter"]
[Black "Stadler, Peter"]
[Result "1/2-1/2"]
[WhiteElo "2012"]
[BlackElo "2191"]
[PlyCount "38"]
[EventDate "2001.04.06"]
[EventType "swiss"]
[EventRounds "9"]
[EventCountry "AUT"]
[SourceTitle "EXT 2006"]
[Source "ChessBase"]
[SourceDate "2005.11.24"]
[SourceVersion "1"]
[SourceVersionDate "2005.11.24"]
[SourceQuality "1"]

1. d4 Nf6 2. g3 g6 3. Bg2 d5 4. c4 Bg7 5. Nc3 dxc4 6. Qa4+ Nfd7 7. Nf3 0-0 8. Qxc4 Nc6 9. e3 Nb6 10. Qe2 e5 11. dxe5 Nxe5 12. Nxe5 Bxe5 13. 0-0 c6 14. Bd2 Be6 15. b3 Qe7 16. Rac1 Rad8 17. f4 Bg7 18. e4 Qd7 19. Rfd1 Bg4 1/2-1/2